<?xml version="1.0" encoding="UTF-8"?>
<record
    xmlns:xsi="http://www.w3.org/2001/XMLSchema-instance"
    xsi:schemaLocation="http://www.loc.gov/MARC21/slim http://www.loc.gov/standards/marcxml/schema/MARC21slim.xsd"
    xmlns="http://www.loc.gov/MARC21/slim">

  <leader>01167nam a2200289 a 4500</leader>
  <datafield tag="999" ind1=" " ind2=" ">
    <subfield code="c">357958</subfield>
    <subfield code="d">357958</subfield>
  </datafield>
  <controlfield tag="001">000000395031</controlfield>
  <controlfield tag="003">IT-MiSPE</controlfield>
  <controlfield tag="005">20180802114628.0</controlfield>
  <controlfield tag="008">110901s2008    it            001 u ita d</controlfield>
  <datafield tag="020" ind1=" " ind2=" ">
    <subfield code="a">9788842017899</subfield>
    <subfield code="c">38.00 EUR</subfield>
  </datafield>
  <datafield tag="040" ind1=" " ind2=" ">
    <subfield code="a">IT-MiSPE</subfield>
    <subfield code="b">ita</subfield>
    <subfield code="d">mv</subfield>
    <subfield code="c">IT-MiSPE</subfield>
  </datafield>
  <datafield tag="082" ind1=" " ind2=" ">
    <subfield code="a">193-HEG ge sc (23184-23185)</subfield>
  </datafield>
  <datafield tag="100" ind1="1" ind2=" ">
    <subfield code="a">Hegel, Georg Wilhelm Friedrich,</subfield>
    <subfield code="d">1770-1831.</subfield>
    <subfield code="e">autore</subfield>
    <subfield code="9">57328</subfield>
  </datafield>
  <datafield tag="240" ind1=" " ind2=" ">
    <subfield code="a">Wissenschaft der Logik</subfield>
    <subfield code="l">ger</subfield>
  </datafield>
  <datafield tag="245" ind1="1" ind2="0">
    <subfield code="a">Scienza della logica /</subfield>
    <subfield code="c">Georg Wilhelm Friedrich Hegel.</subfield>
  </datafield>
  <datafield tag="250" ind1=" " ind2=" ">
    <subfield code="a">10a ed.</subfield>
  </datafield>
  <datafield tag="260" ind1=" " ind2=" ">
    <subfield code="a">Roma ;</subfield>
    <subfield code="a">Bari :</subfield>
    <subfield code="b">Laterza,</subfield>
    <subfield code="c">2011.</subfield>
  </datafield>
  <datafield tag="300" ind1=" " ind2=" ">
    <subfield code="a">2 v. (xlviii, 974 p.) ;</subfield>
    <subfield code="c">21 cm</subfield>
  </datafield>
  <datafield tag="490" ind1="1" ind2=" ">
    <subfield code="a">Biblioteca universale Laterza ;</subfield>
    <subfield code="v">002</subfield>
  </datafield>
  <datafield tag="504" ind1=" " ind2=" ">
    <subfield code="a">Bibliografia e indice</subfield>
  </datafield>
  <datafield tag="546" ind1=" " ind2=" ">
    <subfield code="a">Traduzione di Arturo Monti. Revisione della traduzione di Claudio Cesa.</subfield>
  </datafield>
  <datafield tag="655" ind1=" " ind2="7">
    <subfield code="a">Filosofi di lingua tedesca. Generalit&#xE0; e filosofi fino al 1920</subfield>
    <subfield code="x">Filosofi 1801-1920: Hegel Georg Wilhelm Friedrich, 1770-1831. Opere.</subfield>
    <subfield code="2">local</subfield>
    <subfield code="9">57329</subfield>
  </datafield>
  <datafield tag="655" ind1=" " ind2="7">
    <subfield code="a">Filosofia. Logica. Epistemologia. Gnoseologia</subfield>
    <subfield code="x">Saggi, varia.</subfield>
    <subfield code="2">local</subfield>
    <subfield code="9">57330</subfield>
  </datafield>
  <datafield tag="830" ind1=" " ind2="0">
    <subfield code="a">Biblioteca universale Laterza ;</subfield>
    <subfield code="v">002.</subfield>
    <subfield code="9">57331</subfield>
  </datafield>
  <datafield tag="942" ind1=" " ind2=" ">
    <subfield code="2">ddc</subfield>
    <subfield code="c">BK</subfield>
  </datafield>
  <datafield tag="952" ind1=" " ind2=" ">
    <subfield code="0">0</subfield>
    <subfield code="1">0</subfield>
    <subfield code="2">ddc</subfield>
    <subfield code="4">0</subfield>
    <subfield code="6">193HEG_GE_SC_2318423185</subfield>
    <subfield code="7">1</subfield>
    <subfield code="a">CINISELLO</subfield>
    <subfield code="b">CINISELLO</subfield>
    <subfield code="d">2018-08-02</subfield>
    <subfield code="l">0</subfield>
    <subfield code="o">193-HEG ge sc (23184-23185)</subfield>
    <subfield code="p">9788842017899</subfield>
    <subfield code="r">2018-08-02 00:00:00</subfield>
    <subfield code="w">2018-08-02</subfield>
    <subfield code="y">BK</subfield>
  </datafield>
</record>
